| 000 | 00522nam a2200181 a 4500 | ||
|---|---|---|---|
| 001 | 3565 | ||
| 003 | CDMR | ||
| 005 | 20131205140218.0 | ||
| 008 | 130130s1977||||||||||||||||||||||||||||d | ||
| 040 |
_aCDMR _bcat _cCDMR |
||
| 100 | 1 |
_aFeldmann, Erich _92549 |
|
| 245 | 1 | 0 |
_aTeoría de los medios masivos de comunicación _cErich Feldmann |
| 260 |
_aBuenos Aires _c1977 _bKapelusz |
||
| 300 | _a223 p. | ||
| 490 | 0 |
_aEstudios e Investigaciones (Kapelusz) _v2 |
|
| 650 | 0 | 4 |
_9405 _aMitjans de comunicació de massa |
| 942 |
_cMON _2udc |
||
| 999 |
_c3565 _d3565 |
||